[Event "AUTO-ADV-3297"]
[Site "http://www.queenalice.com/game.php?id=1370266"]
[Date "2015.7.7"]
[Round "2"]
[White "chiccogiancarlo"]
[Black "andrevillares"]
[Result "1-0"]
[WhiteElo "1894"]
[BlackElo "1629"]

1. b3 e5 2. Bb2 Nc6 3. g3 d5 4. Bg2 Bf5 5. d3 Bc5 6. e3 Nf6 7. Ne2 O-O 8. Nd2
Re8 9. O-O h5 10. h4 a5 11. a3 Qd7 12. Nf3 Bg4 13. Nh2 Bh3 14. Qd2 e4 15. Nf4
Bxg2 16. Kxg2 Ne5 17. Bxe5 Rxe5 18. d4 Re7 19. dxc5 c6 20. c3 g6 21. b4 axb4 22.
axb4 Rxa1 23. Rxa1 Ng4 24. Nxg4 Qxg4 25. Qe2 Qf5 26. Ra8+ Kg7 27. Nh3 Qe5 28.
Qd2 f6 29. Qd4 Qf5 30. Ng1 g5 31. hxg5 Qxg5 32. c4 h4 33. Ne2 Qg4 34. Ng1 hxg3
35. fxg3 Re5 36. b5 Rg5 37. bxc6 Qxg3+ 38. Kf1 1-0

[Event "AUTO-ADV-3297"]
[Site "http://www.queenalice.com/game.php?id=1370269"]
[Date "2015.7.7"]
[Round "2"]
[White "chiccogiancarlo"]
[Black "maurice91"]
[Result "1-0"]
[WhiteElo "1903"]
[BlackElo "1897"]

1. b3 d5 2. Bb2 d4 3. Nf3 c5 4. d3 Nc6 5. g3 e5 6. Nbd2 Bd6 7. Bg2 Nf6 8. O-O
O-O 9. h3 h6 10. a3 Nh7 11. e4 Be6 12. Nc4 Bc7 13. a4 Qd7 14. Kh2 Bxc4 15. bxc4
Ne7 16. a5 a6 17. Ng1 f5 18. Ne2 g5 19. Bc1 Ng6 20. exf5 Qxf5 21. Bxb7 Ra7 22.
Be4 Qf6 23. Bd2 Ne7 24. Rb1 Qd6 25. Rb3 Nf6 26. Bg2 g4 27. h4 h5 28. Qb1 Nc6 29.
Bxc6 Qxc6 30. Qb2 e4 31. Bg5 Nh7 32. Bf4 Bxf4 33. Nxf4 Qh6 34. dxe4 Rxf4 35.
gxf4 Qxf4+ 36. Rg3 Kg7 37. Kg1 Qxe4 38. Qb6 Qe7 39. Qc6 Nf6 40. Rb3 Nd7 41. Rb7
Rxb7 42. Qxb7 Qd6 43. Qe4 Nf6 44. Qd3 Qf4 45. Re1 Kf7 46. Qe2 Qd6 47. Rb1 Qc7
48. Rb6 Qd7 49. Rxa6 1-0

[Event "AUTO-ADV-3297"]
[Site "http://www.queenalice.com/game.php?id=1370270"]
[Date "2015.7.7"]
[Round "2"]
[White "maurice91"]
[Black "chiccogiancarlo"]
[Result "1/2-1/2"]
[WhiteElo "1929"]
[BlackElo "1912"]

1. d4 b6 2. e4 Bb7 3. d5 d6 4. c4 g6 5. Nc3 Bg7 6. Qc2 Nf6 7. f4 O-O 8. Bd3 a6
9. b4 Nbd7 10. Bb2 h5 11. Nf3 Qe8 12. O-O Ng4 13. Rae1 e5 14. h3 Nh6 15. f5 Qe7
16. Nh2 Kh7 17. fxg6+ fxg6 18. Bc1 Rxf1+ 19. Rxf1 Rf8 20. Qe2 Rxf1+ 21. Qxf1 Qf6
22. Be3 Qxf1+ 23. Nxf1 Nf7 24. Be2 Bc8 25. g3 Bh6 26. Kg2 Bxe3 27. Nxe3 Nf6 28.
a4 Ng5 29. Bd3 Bxh3+ 30. Kf2 Bd7 31. b5 a5 32. Ng2 Nh3+ 33. Ke3 g5 34. Ne1 g4
35. Ne2 Kg6 36. Ng2 Nh7 37. Nh4+ Kh6 38. Kd2 N7g5 39. Ke3 Nf7 40. Bc2 Nhg5 41.
Nc3 Nh3 1/2-1/2

[Event "Challenge"]
[Site "http://www.queenalice.com/game.php?id=1376449"]
[Date "2015.8.9"]
[Round "-"]
[White "ledeon"]
[Black "chiccogiancarlo"]
[Result "1-0"]
[WhiteElo "2039"]
[BlackElo "1919"]

1. d4 b6 2. e4 Bb7 3. Nc3 g6 4. Nf3 Bg7 5. Bd3 e6 6. Be3 d6 7. O-O Ne7 8. Qd2
Nd7 9. Ne2 O-O 10. Rac1 a6 11. b4 b5 12. Bh6 Nc6 13. c3 e5 14. d5 Ne7 15. Qg5
Kh8 16. Bxg7+ Kxg7 17. Nh4 h6 18. Qg3 Nb6 19. f4 exf4 20. Rxf4 Bc8 21. Rf3 Ng8
22. Nf4 Nf6 23. Nhxg6 Rg8 24. e5 dxe5 25. Nxe5+ Kf8 26. Qf2 Nbd7 27. Ne6+ fxe6
28. dxe6 Nxe5 29. Rxf6+ Ke8 30. Qh4 Nxd3 31. Qh5+ Ke7 32. Qf7+ Kd6 33. e7+ Ke5
34. exd8=Q Rxd8 35. Qe7+ Kd5 36. Qxd8+ 1-0

[Event "Challenge"]
[Site "http://www.queenalice.com/game.php?id=1381717"]
[Date "2015.9.6"]
[Round "-"]
[White "chiccogiancarlo"]
[Black "ledeon"]
[Result "1-0"]
[WhiteElo "1899"]
[BlackElo "1929"]

1. b3 d5 2. Bb2 Nf6 3. g3 e6 4. Bg2 Bd7 5. e3 Bd6 6. d3 Qe7 7. Ne2 e5 8. Nd2 c5
9. c4 Be6 10. O-O Nc6 11. cxd5 Nxd5 12. a3 O-O 13. h3 f5 14. Nc3 Nxc3 15. Bxc3
Nd8 16. Nc4 Bxc4 17. bxc4 e4 18. d4 cxd4 19. Bxd4 Bxa3 20. Qb3 Bc5 21. Bc3 b6
22. Rfd1 Nf7 23. Rd5 Rad8 24. Rad1 Rd6 25. Rxd6 Bxd6 26. Rd5 Ne5 27. Bxe5 Bxe5
28. Bf1 g5 29. c5 Kg7 30. cxb6 axb6 31. Qxb6 f4 32. exf4 gxf4 33. Qc5 Qxc5 34.
Rxc5 Bd4 35. Rg5+ Kh6 36. gxf4 Rxf4 37. Rg2 Kh5 38. Be2+ Kh6 39. Bg4 Kg5 40.
Be6+ Kf6 41. Bg8 h5 42. Bc4 Rf3 43. Rh2 h4 44. Be2 Ke5 45. Bxf3 exf3 46. Kf1 1-0

[Event "OS INCLIVES"]
[Site "http://www.queenalice.com/game.php?id=1384424"]
[Date "2015.9.20"]
[Round "-"]
[White "adelio"]
[Black "chiccogiancarlo"]
[Result "0-1"]
[WhiteElo "1577"]
[BlackElo "1891"]

1. d4 b6 2. c4 Bb7 3. Nc3 g6 4. e4 Bg7 5. Be2 e6 6. h4 h5 7. Nf3 d6 8. Ng5 Ne7
9. Nxf7 Kxf7 10. Bg5 Rf8 11. Bxh5 Qe8 12. Bxe7 Qxe7 13. Bxg6+ Kxg6 14. Qg4+ Kh7
15. O-O-O Nd7 16. h5 Bh6+ 17. Kb1 Rg8 18. Qh3 a6 19. Qd3 Raf8 20. e5+ Kh8 21.
exd6 cxd6 22. Rhe1 Rxg2 23. d5 e5 24. Ne4 Nf6 25. Ng3 Nxh5 26. Nxh5 Rfxf2 27.
Qc3 Qg5 28. Rh1 Bc8 29. Ng7 Qxg7 30. Qe3 Rxb2+ 31. Ka1 Rxa2+ 32. Kb1 Bf5+ 33.
Rd3 Bxd3+ 34. Qxd3 Raf2 35. Qe4 Rg1+ 36. Rxg1 Qxg1+ 37. Qe1 Qxe1# 0-1

[Event "OS INCLIVES"]
[Site "http://www.queenalice.com/game.php?id=1384425"]
[Date "2015.9.20"]
[Round "-"]
[White "chiccogiancarlo"]
[Black "adelio"]
[Result "0-1"]
[WhiteElo "1908"]
[BlackElo "1878"]

1. b3 c5 2. Bb2 Nc6 3. g3 d5 4. Bg2 e5 5. e3 Be7 6. d3 Nf6 7. Ne2 Ng4 8. Nd2
Nxf2 9. Kxf2 h5 10. h4 Bg4 11. Rf1 d4 12. e4 g5 13. hxg5 Bxg5 14. Nf3 Be3+ 15.
Ke1 h4 16. Nxh4 Rxh4 17. Rh1 Rxh1+ 18. Bxh1 Qf6 0-1

[Event "AUTO-ADV-3530"]
[Site "http://www.queenalice.com/game.php?id=1393508"]
[Date "2015.11.10"]
[Round "1"]
[White "Corvidae"]
[Black "chiccogiancarlo"]
[Result "0-1"]
[WhiteElo "1975"]
[BlackElo "1893"]

1. d4 b6 2. e4 Bb7 3. Bd3 g6 4. Nf3 Bg7 5. Nc3 e6 6. Be3 d6 7. O-O Ne7 8. Re1
Nd7 9. Qd2 O-O 10. Bh6 a6 11. a4 Nc6 12. Ne2 e5 13. d5 Ne7 14. c4 a5 15. h4 Nf6
16. Nh2 Kh8 17. Ng3 Nfg8 18. Be3 h6 19. Rf1 Kh7 20. f4 exf4 21. Bxf4 Nf6 22. Qe2
Nd7 23. Ra2 Ne5 24. Nf3 Nxf3+ 25. Qxf3 Ng8 26. b3 Nf6 27. e5 dxe5 28. Bxe5 Nd7
29. Bxg7 Kxg7 30. h5 Ne5 31. Qd1 Nxd3 32. Qxd3 Qg5 33. hxg6 Qxg6 34. Nf5+ Kh7
35. Qf3 Rae8 36. Qf2 Bc8 37. Nh4 Qg5 38. Nf3 Qe3 39. Qxe3 Rxe3 40. Rb2 Bg4 41.
Nd4 Kg7 42. Rf4 Bd7 43. Kf2 Rc3 44. Rf3 Rxf3+ 45. Nxf3 Re8 46. Re2 Rxe2+ 47.
Kxe2 Bg4 48. Ke3 Bxf3 49. Kxf3 Kf6 50. Kf4 h5 51. g3 Kg6 52. Ke3 Kg5 53. Kf3 f5
54. Kg2 Kg4 55. Kh2 h4 56. gxh4 Kxh4 0-1

[Event "AUTO-ADV-3530"]
[Site "http://www.queenalice.com/game.php?id=1393509"]
[Date "2015.11.10"]
[Round "1"]
[White "chiccogiancarlo"]
[Black "Corvidae"]
[Result "0-1"]
[WhiteElo "1901"]
[BlackElo "1928"]

1. b3 e5 2. Bb2 Nc6 3. g3 d5 4. Bg2 Be6 5. e3 Nf6 6. d3 g6 7. Ne2 Bg7 8. Nd2 Ne7
9. Bxe5 Nc6 10. Bb2 O-O 11. O-O Ne7 12. h3 c6 13. Rb1 Qd7 14. Kh2 h5 15. f4 Nf5
16. Rf3 Nh7 17. Bxg7 Kxg7 18. Nf1 Rad8 19. Qd2 Nd6 20. Nd4 c5 21. Nxe6+ Qxe6 22.
Rf2 f5 23. Re2 b6 24. a4 a5 25. Rbe1 Nf6 26. Bf3 h4 27. Rg2 Rfe8 28. gxh4 Rh8
29. Qf2 Kf7 30. Rg5 Rh6 31. Nd2 Rdh8 32. Reg1 Rxh4 33. R1g3 R4h6 34. Nf1 Rg8 35.
Qg2 c4 36. dxc4 dxc4 37. Qd2 Nde4 38. Bxe4 Nxe4 39. Qd4 Nxg5 40. Rxg5 Rgh8 41.
Rg3 Rh4 42. Kg2 Qc6+ 43. Kh2 g5 44. fxg5 Rxd4 0-1

[Event "AUTO-ADV-3530"]
[Site "http://www.queenalice.com/game.php?id=1393522"]
[Date "2015.11.10"]
[Round "1"]
[White "tango2011"]
[Black "chiccogiancarlo"]
[Result "1/2-1/2"]
[WhiteElo "1622"]
[BlackElo "1927"]

1. b3 b6 2. e4 Bb7 3. d3 e5 4. Nf3 d6 5. Be2 Nf6 6. O-O Be7 7. Bg5 c5 8. Nc3 O-O
9. h3 Nc6 10. Nb5 a6 11. Nc3 h6 12. Bxf6 Bxf6 13. Nd5 Nd4 14. c3 Nxe2+ 15. Qxe2
Bxd5 16. exd5 g5 17. c4 Bg7 18. Rae1 f5 19. Nh2 Qd7 20. Qh5 b5 21. Re2 bxc4 22.
dxc4 a5 23. Rfe1 a4 24. Nf1 axb3 25. axb3 Ra3 26. Rb1 Rfa8 27. Nd2 Ra1 28. Ree1
Rxb1 29. Rxb1 e4 30. Re1 Ra2 31. Qd1 Bc3 32. Re2 Rxd2 33. Rxd2 Bxd2 34. Qxd2 Kg7
35. Qb2+ Kg6 36. g3 h5 37. Qh8 f4 38. Qg8+ Kh6 39. Qf8+ Kg6 40. Qg8+ Kf6 41.
Qh8+ Kg6 42. Qg8+ 1/2-1/2

[Event "AUTO-ADV-3530"]
[Site "http://www.queenalice.com/game.php?id=1393523"]
[Date "2015.11.10"]
[Round "1"]
[White "chiccogiancarlo"]
[Black "tango2011"]
[Result "1-0"]
[WhiteElo "1915"]
[BlackElo "1625"]

1. b3 e5 2. Bb2 d6 3. g3 Nf6 4. Bg2 Be7 5. e4 O-O 6. Ne2 b6 7. O-O Bb7 8. d3 h6
9. Nd2 Nbd7 10. h3 d5 11. exd5 Bxd5 12. Nc3 Bxg2 13. Kxg2 c5 14. Re1 Qc7 15. f3
Bd6 16. Nce4 Nxe4 17. fxe4 Qd8 18. Nc4 Be7 19. Rb1 b5 20. Nxe5 Nb6 21. Nc6 Qc7
22. Nxe7+ Qxe7 23. Qf3 Nd7 24. Qf4 Nb6 25. Rf1 f6 26. Rbe1 Qb7 27. h4 Qa6 28. a3
Nd7 29. g4 Qc8 30. Qf5 Qc6 31. Kh3 Rae8 32. Qg6 Ne5 33. Bxe5 Rxe5 34. Rf5 Qd6
35. Rxe5 Qxe5 36. Qf5 Qb2 37. Re2 Qxa3 38. e5 Qa6 39. e6 Re8 40. Qxc5 Rxe6 41.
Rxe6 Qa1 42. Qf2 Kf7 43. Re1 Qd4 44. Qxd4 1-0

[Event "AUTO-ADV-3530"]
[Site "http://www.queenalice.com/game.php?id=1393530"]
[Date "2015.11.10"]
[Round "1"]
[White "Gera"]
[Black "chiccogiancarlo"]
[Result "1-0"]
[WhiteElo "1932"]
[BlackElo "1887"]

1. Nf3 b6 2. d4 Bb7 3. c4 g6 4. Nc3 Bg7 5. e4 e6 6. Be2 d6 7. O-O Ne7 8. Be3 Nd7
9. Qd2 O-O 10. Rad1 a6 11. Qc1 Nc6 12. Rd2 e5 13. dxe5 Ncxe5 14. Rfd1 Nxf3+ 15.
Bxf3 Ne5 16. Be2 f5 17. exf5 gxf5 18. Nd5 Bxd5 19. Rxd5 a5 20. Bf4 Qe8 21. R1d2
Qg6 22. Qd1 Ng4 23. a3 Be5 24. Bxe5 Nxe5 25. b3 h6 26. f4 Ng4 27. R2d3 Rae8 28.
Rg3 Qe6 29. Bf3 Kh7 30. Bxg4 fxg4 31. Qb1+ Kh8 32. f5 Qe4 33. Qa1+ Kh7 34. f6
Re5 35. Rd4 Qg6 36. Rdxg4 Rg5 37. Rxg5 hxg5 38. Rf3 Rf7 39. h3 g4 40. hxg4 Kg8
41. Qc3 Kf8 42. Qd4 Qb1+ 43. Kh2 Rh7+ 44. Rh3 Rxh3+ 45. Kxh3 Qxb3+ 46. g3 Qxa3
47. Qe4 d5 48. Qg6 dxc4 49. Qg7+ Ke8 50. f7+ Kd7 51. f8=Q+ 1-0

[Event "AUTO-ADV-3530"]
[Site "http://www.queenalice.com/game.php?id=1393531"]
[Date "2015.11.10"]
[Round "1"]
[White "chiccogiancarlo"]
[Black "Gera"]
[Result "0-1"]
[WhiteElo "1896"]
[BlackElo "2042"]

1. b3 d5 2. Bb2 c5 3. g3 Nc6 4. Bg2 e5 5. e3 Nf6 6. d3 Bd6 7. Ne2 Be6 8. Nd2 O-O
9. O-O Qc7 10. h3 Rad8 11. a3 d4 12. e4 Nd7 13. Nc4 Be7 14. a4 f5 15. exf5 Bxf5
16. Kh2 a6 17. Ng1 b5 18. axb5 axb5 19. Nd2 Nf6 20. Qe1 Nd5 21. Bxd5+ Rxd5 22.
Ne4 Rdd8 23. Ba3 Rf7 24. f3 Rdf8 25. Kg2 b4 26. Bc1 Bxe4 27. dxe4 Nd8 28. Bd2
Ne6 29. Qe2 Qd8 30. Qc4 Nc7 31. Ra7 Bd6 32. Rfa1 h6 33. h4 Kh7 34. Qd3 Qf6 35.
Rf1 Qg6 36. Nh3 Ne6 37. Rxf7 Rxf7 38. Qa6 Be7 39. Qc8 Bxh4 40. Be1 Be7 41. Bf2
h5 42. Ra1 Nf4+ 43. Nxf4 exf4 44. Ra8 Rf8 45. Qb7 Rxa8 46. Qxa8 fxg3 47. Be1 h4
48. Qd5 Qf6 49. Qh5+ Kg8 50. Qd5+ Kf8 51. Bxg3 hxg3 52. Kxg3 Qh4+ 53. Kg2 Qf4
54. Qf5+ Qxf5 55. exf5 Kf7 56. Kg3 Kf6 57. Kf4 Bd6+ 58. Ke4 Kg5 59. Kd5 Bf8 60.
Ke4 g6 61. fxg6 Kxg6 62. Ke5 Kf7 63. f4 Ke7 64. f5 Kd7 65. f6 Kc6 66. f7 Bd6+
67. Ke4 Kd7 68. Kd3 Ke6 69. Ke4 Kxf7 70. Kf3 Kf6 71. Ke4 Ke6 72. Kf3 Kf5 73. Ke2
Ke4 74. Kd2 Bf4+ 75. Ke2 Be3 76. Kd1 d3 77. c4 Kd4 78. Ke1 Kc3 0-1

[Event "AUTO-MASTER-2385"]
[Site "http://www.queenalice.com/game.php?id=1393572"]
[Date "2015.11.11"]
[Round "1"]
[White "Spessatto"]
[Black "chiccogiancarlo"]
[Result "0-1"]
[WhiteElo "2048"]
[BlackElo "1905"]

1. d4 b6 2. h3 Bb7 3. Bf4 d6 4. Nf3 g6 5. e3 Bg7 6. c3 e6 7. Bc4 Ne7 8. Nbd2 Nd7
9. a3 a6 10. O-O O-O 11. Bb3 b5 12. Bc2 h6 13. Bg3 Kh7 14. Bf4 a5 15. Nh2 a4 16.
b3 axb3 17. Nxb3 f5 18. Nd2 Nf6 19. Bb3 Qd7 20. Qc2 Qc6 21. f3 Nh5 22. g4 Nxf4
23. exf4 Nd5 24. Rae1 Nxf4 25. Bxe6 Nxe6 26. Rxe6 Rxa3 27. gxf5 Rxc3 28. fxg6+
Kh8 29. Qb1 Bc8 30. Qa2 Bxe6 31. Qxe6 Rc1 32. Ne4 Rxf1+ 33. Kxf1 Bxd4 34. Kg2
Qc2+ 35. Kg3 Be5+ 36. Kg4 Qxh2 37. Qe7 Rf4+ 0-1

[Event "AUTO-MASTER-2385"]
[Site "http://www.queenalice.com/game.php?id=1393573"]
[Date "2015.11.11"]
[Round "1"]
[White "chiccogiancarlo"]
[Black "Spessatto"]
[Result "0-1"]
[WhiteElo "1916"]
[BlackElo "2030"]

1. b3 e5 2. Bb2 Nc6 3. g3 Bc5 4. e3 d6 5. Bg2 Nce7 6. d3 Nf6 7. Ne2 h6 8. Nd2
Ng6 9. O-O O-O 10. h3 a6 11. e4 Nh5 12. a3 f5 13. exf5 Ne7 14. b4 Ba7 15. Nc3
Nxg3 16. Kh2 Nxf1+ 17. Qxf1 Nxf5 18. Qe2 Nd4 19. Qd1 Rxf2 20. Nce4 Rf4 21. Nf1
Qh4 22. Bxd4 Bxd4 23. Qe2 Bf5 24. Rb1 Rf8 25. Ne3 Bxe4 26. dxe4 Rf2 27. Qg4 Qxg4
28. Nxg4 Rxc2 29. a4 h5 30. b5 hxg4 0-1

[Event "AUTO-MASTER-2385"]
[Site "http://www.queenalice.com/game.php?id=1393584"]
[Date "2015.11.11"]
[Round "1"]
[White "jalhallib"]
[Black "chiccogiancarlo"]
[Result "1-0"]
[WhiteElo "2051"]
[BlackElo "1912"]

1. d4 b6 2. Nf3 Bb7 3. e3 g6 4. g3 Bg7 5. Bg2 e6 6. O-O d6 7. c4 Ne7 8. Nc3 Nd7
9. Bd2 O-O 10. e4 a6 11. d5 e5 12. b4 h6 13. Bh3 f5 14. Rb1 Nf6 15. exf5 gxf5
16. Nh4 Bc8 17. a4 a5 18. b5 Qe8 19. Ng2 Ng6 20. f4 exf4 21. Nxf4 Nxf4 22. Bxf4
Bd7 23. Qf3 Qf7 24. Ne2 Rae8 25. Nd4 Ne4 26. Ne6 Bxe6 27. dxe6 Rxe6 28. Rfc1
Rfe8 29. Qd3 Qh5 30. Bg2 Qg6 31. Bxe4 fxe4 32. Qd5 Kh8 33. Re1 Qg4 34. Re3 Kh7
35. Rbe1 Bf6 36. Rxe4 Rxe4 37. Rxe4 Rxe4 38. Qxe4+ Qg6 39. Qxg6+ Kxg6 40. Kg2
Bd4 41. Kf3 h5 42. h3 Kf5 43. g4+ hxg4+ 44. hxg4+ Kf6 45. Ke4 Bc5 46. Kd5 Bb4
47. Kc6 Ke6 48. Kxc7 Bc5 49. Kc6 Ke7 50. g5 Ke6 51. g6 Kf6 52. Bxd6 Bf2 53. Bc7
Kxg6 54. Bxb6 Be1 55. Ba7 Kf7 56. b6 Bf2 57. c5 Ke7 58. b7 Bg3 59. b8=Q Bxb8 60.
Bxb8 Kd8 61. Bc7+ Kc8 62. Bxa5 Kb8 63. Kd7 Kb7 64. c6+ Ka6 65. c7 Ka7 66. Be1
Kb6 67. c8=Q Ka7 68. Qc5+ Ka6 69. Qb5+ Ka7 70. Kc7 Ka8 71. Qb7# 1-0

[Event "AUTO-MASTER-2385"]
[Site "http://www.queenalice.com/game.php?id=1393585"]
[Date "2015.11.11"]
[Round "1"]
[White "chiccogiancarlo"]
[Black "jalhallib"]
[Result "0-1"]
[WhiteElo "1902"]
[BlackElo "2067"]

1. b3 e5 2. Bb2 d6 3. g3 Nc6 4. Bg2 Bd7 5. e4 Nf6 6. Ne2 g6 7. d3 Bg7 8. Nd2 O-O
9. O-O a6 10. h3 Be6 11. a3 d5 12. exd5 Bxd5 13. b4 Bxg2 14. Kxg2 b5 15. Nb3 e4
16. Nc5 exd3 17. Nxd3 Nd7 18. Bxg7 Kxg7 19. f4 f5 20. Ng1 Nf6 21. Nf3 Nd5 22.
Re1 Nc3 23. Qd2 Ne4 24. Qe3 h6 25. Nfe5 Nxe5 26. Nxe5 Qd2+ 27. Qxd2 Nxd2 28. a4
Ne4 29. axb5 axb5 30. Ra5 Rxa5 31. bxa5 Ra8 32. Ra1 c5 33. Kf3 b4 34. a6 Nd6 35.
Ke3 c4 36. Kd4 b3 37. cxb3 cxb3 38. Kc3 Ne4+ 39. Kxb3 Nxg3 40. a7 Nh5 41. Nc6
Nxf4 42. Rd1 Ne6 43. Rd7+ Kf6 44. Kb4 f4 45. Rb7 f3 46. Rb8 f2 47. Rxa8 f1=Q 48.
Rf8+ Nxf8 49. a8=Q Qb1+ 50. Kc4 Qc2+ 51. Kb4 Qe4+ 52. Kb5 Qd3+ 53. Kb4 Qb1+ 54.
Kc4 Qe4+ 55. Kb3 Ne6 56. Qa1+ Kg5 57. Qg1+ Kh4 58. Ne7 g5 59. Ng8 Nd4+ 60. Ka3
Qd3+ 61. Ka2 Qc2+ 62. Ka1 Nb3# 0-1

[Event "AUTO-MASTER-2385"]
[Site "http://www.queenalice.com/game.php?id=1393592"]
[Date "2015.11.11"]
[Round "1"]
[White "chiccogiancarlo"]
[Black "Rafaelpimentel"]
[Result "1-0"]
[WhiteElo "1908"]
[BlackElo "2016"]

1. b3 c5 2. Bb2 d5 3. g3 Nc6 4. Bg2 e5 5. e3 Be6 6. d3 Be7 7. Ne2 Nf6 8. Nd2 O-O
9. O-O a6 10. h3 Qd7 11. Kh2 h5 12. a3 b5 13. f3 g5 14. e4 g4 15. h4 gxf3 16.
Rxf3 Ng4+ 17. Kg1 c4 18. b4 d4 19. Nf1 f5 20. exf5 Bd5 21. Bc1 Bxf3 22. Bxf3
Qxf5 23. Bd5+ Kh8 24. Qe1 1-0

[Event "AUTO-MASTER-2385"]
[Site "http://www.queenalice.com/game.php?id=1393593"]
[Date "2015.11.11"]
[Round "1"]
[White "Rafaelpimentel"]
[Black "chiccogiancarlo"]
[Result "0-1"]
[WhiteElo "2038"]
[BlackElo "1886"]

1. d4 b6 2. Bf4 Bb7 3. Nf3 d6 4. e3 g6 5. Be2 Bg7 6. O-O e6 7. Nbd2 Ne7 8. c4
Nd7 9. b4 a6 10. Rc1 O-O 11. a4 a5 12. b5 h6 13. h3 f5 14. Nb3 Nf6 15. Qc2 g5
16. Bh2 Qd7 17. Rfd1 Qe8 18. c5 Be4 19. Qa2 Bd5 20. Qb2 Bxb3 21. Qxb3 d5 22.
Bxc7 Nc8 23. Rc2 bxc5 24. Rxc5 Ne4 25. Rc2 Rf7 0-1

[Event "AUTO-OPEN-3568"]
[Site "http://www.queenalice.com/game.php?id=1393667"]
[Date "2015.11.12"]
[Round "1"]
[White "silverado"]
[Black "chiccogiancarlo"]
[Result "0-1"]
[WhiteElo "1917"]
[BlackElo "1892"]

1. e4 b6 2. d4 Bb7 3. f3 g6 4. Nc3 Bg7 5. Bc4 e6 6. e5 Ne7 7. Nh3 a6 8. O-O d6
9. f4 O-O 10. a4 Nd7 11. b3 h6 12. Bb2 Nc6 13. d5 exd5 14. Nxd5 Na5 15. exd6
cxd6 16. Bxg7 Kxg7 17. Qd4+ f6 18. Rfe1 Nxc4 19. Re7+ Kh8 20. bxc4 Bxd5 21. Rxd7
Qxd7 22. Qxd5 Rfe8 23. Ra3 Rad8 24. Qd3 Kg7 25. Qd4 Qc6 26. Kf2 Qc5 27. Rd3 Kf7
28. Kf3 Qxd4 29. Rxd4 Re1 30. Nf2 f5 31. Nd3 Ra1 32. c5 bxc5 33. Nxc5 Ke7 34.
Nxa6 Rc8 35. Nb4 Ke6 36. a5 Rxa5 37. c4 Rac5 38. Nd3 Rxc4 39. Rxc4 Rxc4 40. g3
Rc3 41. Ke3 d5 42. Kd2 Rc8 43. h4 Kf6 44. Ne5 g5 45. hxg5+ hxg5 46. Nd7+ Ke6 47.
Nb6 Rg8 48. Ke3 gxf4+ 49. gxf4 Rg1 50. Kf2 Rb1 51. Na4 Ra1 52. Nc5+ Kd6 53. Nd3
d4 54. Ke2 Kd5 55. Nb4+ Ke4 56. Kd2 Kxf4 57. Kd3 Ra3+ 58. Kc2 Kg3 59. Kb2 Rc3
60. Nc2 Rxc2+ 61. Kxc2 f4 62. Kd2 f3 63. Ke1 Kg2 64. Kd2 f2 65. Ke2 f1=Q+ 66.
Kd2 Qf3 67. Kc2 Kf2 68. Kc1 Ke2 69. Kc2 d3+ 70. Kc3 d2+ 71. Kb2 d1=Q 0-1

[Event "AUTO-OPEN-3568"]
[Site "http://www.queenalice.com/game.php?id=1393668"]
[Date "2015.11.12"]
[Round "1"]
[White "chiccogiancarlo"]
[Black "silverado"]
[Result "1-0"]
[WhiteElo "1873"]
[BlackElo "1936"]

1. b3 Nc6 2. Bb2 e5 3. g3 d5 4. Bg2 Bf5 5. d3 Nb4 6. Bxe5 f6 7. Bb2 c6 8. a3 Na6
9. e3 Bd6 10. Ne2 Qb6 11. O-O O-O-O 12. Nd2 Nh6 13. h3 Bg6 14. Kh2 Nf5 15. Nd4
Be5 16. Rb1 h5 17. Nxf5 Bxf5 18. Bxe5 fxe5 19. b4 Qc7 20. e4 dxe4 21. Nxe4 h4
22. Qf3 hxg3+ 23. fxg3 Rdf8 24. Qe3 Qd7 25. Ng5 Rf6 26. Qxe5 Rh5 27. h4 Nc7 28.
Rbe1 Ne6 29. Nxe6 Rxe6 30. Qc3 Rxe1 31. Qxe1 g6 32. Qe3 b6 33. Re1 Rh8 34. Qe7
a6 35. Qxd7+ Bxd7 36. Bh3 g5 37. Bxd7+ Kxd7 38. Kh3 Kd6 39. c4 b5 40. Kg4 gxh4
41. gxh4 bxc4 42. dxc4 c5 43. h5 Rg8+ 44. Kh4 Rg2 45. Re3 Rg8 46. h6 cxb4 47.
axb4 Kd7 48. Kh5 Rg2 49. h7 Kd6 50. Kh6 Rh2+ 51. Kg7 Rg2+ 52. Kh8 Kd7 53. Ra3
Rg6 54. b5 axb5 55. cxb5 Kc7 56. Ra7+ Kd8 57. Rg7 Re6 58. Rg8+ Kc7 59. Kg7 Re7+
60. Kg6 Re6+ 61. Kf7 Rh6 62. h8=Q Rxh8 63. Rxh8 Kb7 64. Rh6 Kc7 65. Ke7 Kc8 66.
Kd6 Kb7 67. Kc5 Ka7 68. Rh7+ Kb8 69. Kb6 Kc8 70. Ka7 Kd8 71. b6 Ke8 72. b7 1-0

[Event "AUTO-OPEN-3568"]
[Site "http://www.queenalice.com/game.php?id=1393687"]
[Date "2015.11.12"]
[Round "1"]
[White "marcoswerneck"]
[Black "chiccogiancarlo"]
[Result "0-1"]
[WhiteElo "1893"]
[BlackElo "1886"]

1. e4 b6 2. d4 Bb7 3. d5 d6 4. Nc3 g6 5. Be3 Bg7 6. Bd4 Nf6 7. Be2 a6 8. Qd2 O-O
9. Nf3 Nbd7 10. h3 b5 11. a3 h6 12. g4 Re8 13. g5 hxg5 14. Nxg5 Nc5 15. Bf3 e5
16. dxe6 Nxe6 17. Nxe6 Rxe6 18. O-O-O Nh5 19. Bxh5 gxh5 20. Rhg1 Rg6 21. Bxg7
Kxg7 22. Qd4+ Qf6 23. Rxg6+ fxg6 24. e5 Qxe5 25. Qxe5+ dxe5 26. Rd7+ Kf6 27.
Rxc7 Bf3 28. h4 e4 29. Kd2 g5 30. hxg5+ Kxg5 31. Ke1 h4 32. Kf1 h3 33. Kg1 Rg8
34. Kh2 Kf4 35. Nd5+ Ke5 36. Ne3 Kf4 37. Nd5+ Ke5 38. Ne3 Kf4 39. Rh7 Bg2 40. b4
Kf3 41. Rf7+ Ke2 42. Rd7 Kxf2 43. Nd5 e3 44. Rf7+ Ke2 45. Nc7 Kd1 46. c4 bxc4
47. Rd7+ Ke1 48. b5 axb5 49. Re7 e2 50. Nxb5 Rd8 51. Nc3 Rd2 52. a4 Rc2 53. Re3
Rxc3 54. Rxc3 Kd2 55. Rxc4 e1=Q 0-1

[Event "AUTO-OPEN-3568"]
[Site "http://www.queenalice.com/game.php?id=1393688"]
[Date "2015.11.12"]
[Round "1"]
[White "chiccogiancarlo"]
[Black "marcoswerneck"]
[Result "0-1"]
[WhiteElo "1919"]
[BlackElo "1867"]

1. b3 e5 2. Bb2 d6 3. g3 Nf6 4. Bg2 d5 5. Bxe5 Be6 6. e3 Nc6 7. Bb2 Bd6 8. d3
Bb4+ 9. Nd2 Qd6 10. Ne2 Ng4 11. O-O h5 12. h4 O-O-O 13. Bxg7 Rhg8 14. Bb2 f6 15.
a3 Bxd2 16. Qxd2 Nge5 17. b4 Bg4 18. Nf4 Nf3+ 19. Bxf3 Bxf3 20. b5 Ne7 21. a4
Nf5 22. Ng2 Nxg3 23. fxg3 Bxg2 24. Qxg2 Rxg3 25. Rf4 Rdg8 26. Qxg3 Rxg3+ 27. Kf2
Rg4 28. Rxg4 hxg4 29. Rg1 Qh2+ 30. Rg2 Qxh4+ 31. Kf1 g3 32. Bd4 b6 33. c4 dxc4
34. dxc4 f5 35. c5 f4 36. cxb6 axb6 37. exf4 Qxf4+ 38. Bf2 gxf2 39. Rxf2 Qxa4
40. Ke1 Qxb5 41. Rd2 c5 42. Kd1 c4 43. Kc1 c3 44. Rh2 Qe5 45. Rh3 b5 46. Rh7
Qe3+ 0-1

[Event "AUTO-OPEN-3568"]
[Site "http://www.queenalice.com/game.php?id=1393699"]
[Date "2015.11.12"]
[Round "1"]
[White "chiccogiancarlo"]
[Black "Gera"]
[Result "0-1"]
[WhiteElo "1909"]
[BlackElo "1980"]

1. b3 e5 2. Bb2 d6 3. g3 Nc6 4. Bg2 Bd7 5. e4 Nge7 6. Ne2 f5 7. exf5 Nxf5 8. O-O
Be7 9. d3 O-O 10. Nd2 Bf6 11. Ne4 Rb8 12. Nxf6+ Qxf6 13. Nc3 Nce7 14. Ne4 Qg6
15. a4 Rf7 16. c4 Nc6 17. h3 Rbf8 18. Bc3 Qh6 19. Kh2 Nfd4 20. Bxd4 Nxd4 21. f4
exf4 22. gxf4 Rxf4 23. Rxf4 Qxf4+ 24. Kh1 Rf5 25. Qg4 Qe5 26. Qg3 Rf4 27. Rf1
Ne2 28. Qg5 Qxg5 29. Nxg5 Ng3+ 30. Kg1 Nxf1 31. Bxf1 Bf5 32. Ne4 Bxe4 33. dxe4
Rxe4 34. Kf2 g5 35. Be2 h6 36. Bd1 a5 37. Bg4 Kg7 38. Bc8 b6 39. Bg4 Kf6 40. Bc8
Ke5 41. Bb7 Rd4 42. Ke2 Kf4 43. Bc8 Re4+ 44. Kd2 h5 45. Kd3 Re3+ 46. Kc2 g4 47.
hxg4 hxg4 48. Bxg4 Kxg4 49. Kb2 Kf4 50. Kc2 Ke4 51. Kb2 Kd4 52. Kc2 Re2+ 53. Kb1
Kc3 0-1

[Event "AUTO-OPEN-3568"]
[Site "http://www.queenalice.com/game.php?id=1393700"]
[Date "2015.11.12"]
[Round "1"]
[White "Gera"]
[Black "chiccogiancarlo"]
[Result "1-0"]
[WhiteElo "1917"]
[BlackElo "1902"]

1. Nf3 b6 2. e4 Bb7 3. Nc3 g6 4. d4 Bg7 5. Be2 e6 6. O-O d6 7. h3 Ne7 8. Be3 Nd7
9. Qd2 O-O 10. Rad1 a6 11. Qc1 b5 12. e5 Bxf3 13. Bxf3 d5 14. Bg4 Kh8 15. Ne2
Ng8 16. Nf4 h6 17. c3 Rc8 18. Qb1 c5 19. Bxe6 f5 20. exf6 Rxf6 21. Bf7 Nf8 22.
Bxg6 Rxf4 23. Bxf4 Qf6 24. Bf5 Re8 25. Rfe1 Rxe1+ 26. Rxe1 cxd4 27. Re8 dxc3 28.
Be5 Qf7 29. Bxg7+ Kxg7 30. Ra8 Ne7 31. Ra7 Kh8 32. Bc2 Qf6 33. bxc3 Neg6 34. Bf5
Kg8 35. Qd3 Kh8 36. Qxd5 h5 37. Bxg6 Qxg6 38. Rf7 Nh7 39. Qe5+ Kg8 40. Qe8+ Nf8
41. Qxf8# 1-0